书目信息

书名: Java EE企业级应用开发 
作者: 朱利华 姜英 主编
出版信息: 北京   人民邮电出版社  2021.3
开本页数: 26cm  293页
丛书名: 成都中慧科技有限公司校企合作系列教材
单 册:
中图分类: TP312JA
科图分类:
主题词: JAVA语言--JAVAyu yan--程序设计--教材
电子资源:
ISBN: 978-7-115-55181-8
000 01394nam 2200289 450
001 012021000407
005 20210512124542.0
010    @a978-7-115-55181-8@dCNY59.80
100    @a20210312d2021 em y0chiy50 ea
101 @achi
102    @aCN@b110000
105    @aak z 000yy
106    @ar
200 @aJava EE企业级应用开发@AJava EEqi ye ji ying yong kai fa@eSSM@d= Java EE enterprise application development@eSSM@f朱利华, 姜英主编@zeng
210    @a北京@c人民邮电出版社@d2021.3
215    @a293页@c图@d26cm
225 @a成都中慧科技有限公司校企合作系列教材@Acheng du zhong hui ke ji you xian gong si xiao qi he zuo xi lie jiao cai
300    @a产教融合信息技术类“十三五”规划教材
330    @a本书共15章, 内容包括企业级项目导引及开发环境、Spring入门、Spring Bean装配、Spring数据库编程、Spring MVC入门、Spring MVC应用、Spring MVC拦截器、Spring MVC文件上传/下载、MyBatis入门、MyBatis核心配置及动态SQL、SSM框架、Spring AOP和事务管理、SSM框架实战 (媒体素材管理系统)、Spring Boot入门、Spring Boot整合应用等。
410  0 @12001 @a成都中慧科技有限公司校企合作系列教材
510 @aJava EE enterprise application development@eSSM@zeng
606 @aJAVA语言@AJAVAyu yan@x程序设计@j教材
690    @aTP312JA@v5
701  0 @a朱利华@Azhu li hua@4主编
701  0 @a姜英@Ajiang ying@4主编
801  0 @aCN@bCDNYKJZYXY@c20210512
905    @aCDNYKJZYXY@b300616732-4@dTP312JA@e304@f3
    
    Java EE企业级应用开发:SSM= Java EE enterprise application development:SSM/朱利华, 姜英主编.-北京:人民邮电出版社,2021.3
    293页:图;26cm.-(成都中慧科技有限公司校企合作系列教材)
    产教融合信息技术类“十三五”规划教材
    
    ISBN 978-7-115-55181-8:CNY59.80
    本书共15章, 内容包括企业级项目导引及开发环境、Spring入门、Spring Bean装配、Spring数据库编程、Spring MVC入门、Spring MVC应用、Spring MVC拦截器、Spring MVC文件上传/下载、MyBatis入门、MyBatis核心配置及动态SQL、SSM框架、Spring AOP和事务管理、SSM框架实战 (媒体素材管理系统)、Spring Boot入门、Spring Boot整合应用等。
相关链接 在五车中查询图书 在当当中查询图书 在豆瓣中查询图书


正题名:Java EE企业级应用开发     索取号:TP312JA/304         预约/预借

序号 登录号 条形码 馆藏地/架位号 状态 备注
1 616732   300616732   海科-1楼/4架10列5层/ [索取号:TP312JA/304] 在馆    
2 616733   300616733   海科-1楼/4架10列5层/ [索取号:TP312JA/304] 在馆    
3 616734   300616734   海科-1楼/4架10列5层/ [索取号:TP312JA/304] 在馆